| 000 | 00838cam a22002174a 4500 | ||
|---|---|---|---|
| 005 | 20250605164211.0 | ||
| 008 | 250528s ||||||||||||||||||||||||d | ||
| 035 | _a20251 | ||
| 020 | _a71954002 | ||
| 040 |
_aGR-AtMCL _bgre _dGR-AtMCL _eAACR2 |
||
| 245 | 1 | _aPhysics for Today and Tomorrow / Second Edition | |
| 250 | _a2nd | ||
| 260 | _c1983 | ||
| 300 | _a272 | ||
| 520 | _aLife in a modern society depends in countless ways on Physics and Technology. Acknowledgements, Physics and Technology, Light and Sight, Waves and Sound, Matter and Molecules, Forces and Pressure, Motion and Energy, Heat and Energy, Electricity and Magnetism, Atomic Physics, Revision Questions, Mathematics for Physics, Answers, Index. | ||
| 700 | 1 |
_aDuncan Tom _96274 |
|
| 700 | 1 |
_aJohn Murray _91627 |
|
| 942 | _cBK | ||
| 999 |
_c5382 _d5382 |
||